Piwne style - Statystyki

Ogólne statystyki
  • Ten quiz został rozwiązany 7 razy
  • Średni wynik to 3 z 8
Statystyki odpowiedzi
Opis Miejsce pochodzenia Styl piwny % Poprawnych
Nazywany "piwowarskim skarbem Polski". Piwo o wysokiej zawartości alkoholu (8-12%). Kolor od ciemnoczerwono-miedzianego do nieprzezroczystego ciemnobrązowego, lecz nie czarne. Często wyczuwalna suszona śliwka w smaku. Oficjalnie powstało w latach 90. XX w., jednak warzone było już wcześniej. kraje bałtyckie Porter bałtycki
100%
Tradycyjne piwo górnej fermentacji, lagerowane z Kolonii. Zgodnie z prawem tej nazwy mogą używać jedynie piwa wytwarzane w ww. miejscu. Kolonia, Niemcy Kolsch
50%
Czarne piwo o wyraźnym palonym smaku, często przypominającym kawę. Średnia zawartość alkoholu (3.8-5.0%). Irlandia Irlandzki stout/Irish stout
33%
Dość kwaśne, dzikie belgijskie piwo pszeniczne z kwaskowatością zastępującą w równowadze chmielową goryczkę. Młode wersje mogą być dość kwaśne i owocowe, ale z wiekiem mogą rozwinąć się nuty podwórkowe, ziemiste, kozie, siana, końskiej derki. Belgia Lambic
33%
Najpopularniejszy styl piwny świata (ok. 95% światowej produkcji). Jasne piwo bez mocnych aromatów, zazwyczaj dobrze zbilansowane i mocno nagazowany. cały świat Międzynarodowy jasny lager
33%
Historyczny styl piwa pszenicznego o niskiej zawartości alkoholu (ok. 3%), które charakteryzuje się delikatną dymnością pochodzącą ze słodu wędzonego dębem. Jasne i klarowne. Polska Piwo grodziskie
33%
Gorzkie, średnio mocne, bardzo dobrze odfermentowane jasne brytyjskie piwo z wytrawnym finiszem i chmielowym aromatem i smakiem. Nazwa jest skrótem pełniej nazwy. Wytwarzane pierwotnie dla brytyjskich żołnierzy stacjonujących w Indiach. Anglia Angielskie IPA/English IPA
17%
Piwo wiejskie, zwykle z dodatkiem żyta i jałowca, z posmakiem drożdży bananowo-goździkowych. Wysoka zawartość alkoholu (7-11%) Finlandia Sahti
17%
Nie znaleziono quizów pasujących do podanych kryteriów
Rozkład punktacji
Procent ludzi z każdym wynikiem
Percentyl według liczby udzielonych odpowiedzi
Twoja historia wyników
Nie rozwiązałeś tego quizu